书目信息 |
| 题名: |
寻找热量的足迹
|
|
| 作者: | 科迪班 著 ;李波 , 陈永国 , 王妍 译 | |
| 分册: | ||
| 出版信息: | 北京 机械工业出版社 2021.7 |
|
| 页数: | 212页 | |
| 开本: | 21cm | |
| 丛书名: | ||
| 单 册: | ||
| 中图分类: | TN602 | |
| 科图分类: | ||
| 主题词: | 电子产品--温度控制--设计 | |
| 电子资源: | ||
| ISBN: | 978-7-111-59740-7 | |
| 000 | 01549nam0 2200337 45 | |
| 001 | 012001002929 | |
| 005 | 20141010135756.0 | |
| 010 | @a978-7-111-59740-7@dCNY45.00 | |
| 100 | @a20180719d2018 em y0chiy50 ea | |
| 101 | 1 | @achi@ceng |
| 102 | @aCN@b110000 | |
| 105 | @aa z 000yy | |
| 106 | @ar | |
| 200 | 1 | @a寻找热量的足迹@Axun zhao re liang de zu ji@b专著@e电子产品热设计中的温升与热沉@f(美)托尼·科迪班(Tony Kordyban)著@g李波,陈永国,王妍译 |
| 210 | @a北京@c机械工业出版社@d2021.7 | |
| 215 | @a212页@c图@d21cm | |
| 300 | @a并列题名:Hot air rises and heat sinks | |
| 300 | @a其他题名:电子产品热设计中的温升与热沉 | |
| 305 | @a由The American Society of Mechanical Engineers授权出版 | |
| 312 | @a封面英文题名:Hot air rises and heat sinks: everything you know about cooling electronics is wrong | |
| 330 | @a本书以故事的形式讲述了电子产品设计中不经意或者非常容易忽视的小问题,详细说明了一些设计的谬误,共分三十章,主要内容有:我们不贩卖空气;每一个温度都是一个故事;环境控制不是那么容易等。 | |
| 510 | 1 | @aHot air rises and heat sinks@eeverything you know about cooling electronics is wrong@zeng |
| 517 | 1 | @a电子产品热设计中的温升与热沉@Adian zi chan pin re she ji zhong de wen sheng yu re chen |
| 606 | 0 | @a电子产品@x温度控制@x设计 |
| 690 | @aTN602@v5 | |
| 701 | 0 | @c(美)@a科迪班@Ake di ban@c(Kordyban, Tony)@4著 |
| 702 | 0 | @a李波@Ali bo@f(1982-)@4译 |
| 702 | 0 | @a陈永国@Achen yong guo@4译 |
| 702 | 0 | @a王妍@Awang yan@c(女,@f1985.5-)@4译 |
| 801 | 2 | @aCN@bBJSDL@c20211018 |
| 905 | @b1350866-9@dTN602@e106@f4 | |
| 寻找热量的足迹:电子产品热设计中的温升与热沉/(美)托尼·科迪班(Tony Kordyban)著/李波,陈永国,王妍译.-北京:机械工业出版社,2021.7 |
| 212页:图;21cm |
| 并列题名:Hot air rises and heat sinks.-其他题名:电子产品热设计中的温升与热沉 |
| ISBN 978-7-111-59740-7:CNY45.00 |
| 本书以故事的形式讲述了电子产品设计中不经意或者非常容易忽视的小问题,详细说明了一些设计的谬误,共分三十章,主要内容有:我们不贩卖空气;每一个温度都是一个故事;环境控制不是那么容易等。 |
| ● |
| 相关链接 |
|
|
|
|
正题名:寻找热量的足迹
索取号:TN602/106
 
预约/预借
| 序号 | 登录号 | 条形码 | 馆藏地/架位号 | 状态 | 备注 |
| 1 | 1350866 | 213508667 | 第二样本阅览室/ [索取号:TN602/106] | 在馆 | |
| 2 | 1350867 | 213508676 | 第三借阅区/ [索取号:TN602/106] | 在馆 | |
| 3 | 1350868 | 213508685 | 第三借阅区/ [索取号:TN602/106] | 在馆 | |
| 4 | 1350869 | 213508694 | 第三借阅区/ [索取号:TN602/106] | 在馆 |